Polscy politycy - Statystyki

Ogólne statystyki
  • Ten quiz został rozwiązany 396 razy
    80 od ostatniego zresetowania
  • Średni wynik to 27 z 50
Statystyki odpowiedzi
Polityk Partia / koalicja Czas pełnienia funkcji Odpowiedź % Poprawnych
Prezydent SLD 1995 - 2005 r. Aleksander Kwaśniewski
97%
Prezydent PiS 2015 - 2025 r. Andrzej Duda
97%
Premier PO 2007 - 2014 r., 2023 r. - Donald Tusk
97%
Prezydent PO 2010 - 2015 r. Bronisław Komorowski
96%
Marszałek Sejmu PO 2007 - 2010 r. Bronisław Komorowski
96%
Prezydent Bezpartyjny (poparcie PiS) 2025 r. - Karol Nawrocki
96%
Prezydent PiS 2005 - 2010 r. Lech Kaczyński
96%
Prezydent PZPR 1989 - 1990 r . Wojciech Jaruzelski
96%
Premier PiS 2006 - 2007 r. Jarosław Kaczyński
95%
Prezydent Solidarność / PC 1990 -1995 r. Lech Wałęsa
95%
Premier PiS 2017 - 2023 r. Mateusz Morawiecki
95%
Marszałek Sejmu Polska 2050 2023 - 2025 r. Szymon Hołownia
91%
Premier PiS 2015 - 2017 r. Beata Szydło
89%
Premier SLD 2001 - 2004 r. Leszek Miller
81%
Marszałek Sejmu Lewica 2025 r. - Włodzimierz Czarzasty
81%
Premier PO 2014 - 2015 r. Ewa Kopacz
79%
Marszałek Sejmu PO 2011 - 2014 r. Ewa Kopacz
79%
Premier Solidarność 1989 - 1991 r. Tadeusz Mazowiecki
68%
Premier PSL 1992 r., 1993 - 1995 r. Waldemar Pawlak
68%
Marszałek Sejmu PiS 2019 - 2023 r. Elżbieta Witek
63%
Premier PiS 2005 - 2006 r. Kazimierz Marcinkiewicz
60%
Premier UD 1992 - 1993 r. Hanna Suchocka
56%
Premier AWS 1997 - 2001 r. Jerzy Buzek
55%
Premier PC 1991 - 1992 r. Jan Olszewski
53%
Premier SLD 2004 - 2005 r. Marek Belka
53%
Premier SLD 1995 - 1996 r. Józef Oleksy
52%
Marszałek Sejmu SLD 1993 - 1995 r., 2004 - 2005 r. Józef Oleksy
52%
Marszałek Sejmu PO 2015 r. Małgorzata Kidawa -Błońska
51%
Marszałek Senatu PO 2023 r. - Małgorzata Kidawa - Błońska
51%
Premier SLD 1996 - 1997 r. Włodzimierz Cimoszewicz
48%
Marszałek Sejmu SLD 2005 r. Włodzimierz Cimoszewicz
48%
Marszałek Sejmu PO 2014 - 2015 r. Radosław Sikorski
44%
Premier KLD 1991 r. Jan Krzysztof Bielecki
40%
Marszałek Sejmu PO 2010 - 2011 r. Grzegorz Schetyna
35%
Marszałek Sejmu PSL 1995 - 1997 r. Józef Zych
29%
Marszałek Sejmu PiS 2015 - 2019 r. Marek Kuchciński
29%
Marszałek Senatu PO 2019 - 2023 r. Tomasz Grodzki
28%
Marszałek Senatu Komitet Wyborczy Wyborców / PO 2005 - 2007 r., 2007 - 2015 r. Bogdan Borusewicz
21%
Marszałek Sejmu PiS 2007 r. Ludwik Dorn
21%
Marszałek Sejmu PiS 2005 - 2007 r. Marek Jurek
20%
Marszałek Sejmu SLD 2001 - 2004 r. Marek Borowski
17%
Marszałek Senatu PiS 2015 - 2019 r. Stanisław Karczewski
16%
Marszałek Sejmu ZChN 1991 - 1993 r. Wiesław Chrzanowski
16%
Marszałek Sejmu PSL 1989 -1991 r. Mikołaj Kozakiewicz
15%
Marszałek Sejmu AWS 1997 - 2001 r. Maciej Płażyński
12%
Marszałek Senatu AWS 1997 - 2001 r. Alicja Grześkowiak
9%
Marszałek Senatu SLD - UP 2001 - 2005 r. Longin Pastusiak
9%
Marszałek Senatu Solidarność 1989 - 1991 r. Andrzej Stelmachowski
8%
Marszałek Senatu PSL 1993 - 1997 r. Adam Struzik
7%
Marszałek Senatu Solidarność 1991 - 1993 r. August Chełkowski
5%
Nie znaleziono quizów pasujących do podanych kryteriów
Rozkład punktacji
Procent ludzi z każdym wynikiem
Percentyl według liczby udzielonych odpowiedzi
Twoja historia wyników
Nie rozwiązałeś tego quizu od ostatniego zresetowania